Ứng dụng vi điều khiển thiết kế mạch đèn giao thông tại ngã tư

Tìm hiểu về AT89C51 và các linh kiện. Thiết kế mạch đèn giao thông ứng dụng vi điều khiển. Chương trình.

Bewaard in:
Bibliografische gegevens
Hoofdauteur: Huỳnh Thị Ngọc
Andere auteurs: Lê Xứng (Hướng dẫn), Nguyễn Thị Thu Quỳnh
Formaat: Boek
Gepubliceerd in: Đà Nẵng Đại học Sư phạm, Đại học Đà Nẵng 2012
Onderwerpen:
Tags: Voeg label toe
Geen labels, Wees de eerste die dit record labelt!
Thư viện lưu trữ: Mạng thư viện Đại học Đà Nẵng
LEADER 01694nam a2200349 4500
001 000017427
003 13845
005 20130416080421.0
008 130416s2012 sd
082 |a 621.38  |b HU-N 
100 1 |a Huỳnh Thị Ngọc 
245 |a Ứng dụng vi điều khiển thiết kế mạch đèn giao thông tại ngã tư  |c Huỳnh Thị Ngọc, Nguyễn Thị Thu Quỳnh ; Lê Xứng hướng dẫn  |k Khóa luận tốt nghiệp 
260 |a Đà Nẵng  |b Đại học Sư phạm, Đại học Đà Nẵng  |c 2012 
300 |a 41 tr.  |c 29 cm.  |e Đĩa CD, bản tóm tắt 
500 |a Khóa luận tốt nghiệp đại học. Chuyên ngành: Cử nhân Vật Lý 
504 |a Mục lục đầu trang, tài liệu tham khảo tr. 73 - 74, phụ lục [13 tr.] 
520 |a Tìm hiểu về AT89C51 và các linh kiện. Thiết kế mạch đèn giao thông ứng dụng vi điều khiển. Chương trình. 
600 1 4 |b Vua  |c Đinh Tiên Hoàng 
650 0 4 |a Thiết kế mạch  |v Khóa luận tốt nghiệp  |x Nghiên cứu 
653 |a Khoa Vật lý  |a Vi điều khiển 89C51  |a Thiết kế mạch 
700 |a Lê Xứng  |e Hướng dẫn 
700 |a Nguyễn Thị Thu Quỳnh 
OWN |a LSP 
AVA |a UDN50  |b LSP  |d 621.38 HU-N  |e available  |t Error 5001 Not defined in file expand_doc_bib_avail.  |f 1  |g 0  |h N  |i 0  |k 1 
999 |a From the UDN01 
AVA |a UDN50  |b LSP  |d 621.38 HU-N  |e available  |t Error 5001 Not defined in file expand_doc_bib_avail.  |f 1  |g 0  |h N  |i 0  |k 1 
TYP |a Monograph 
TYP |a Printed language 
980 |a Mạng thư viện Đại học Đà Nẵng